NRL Teams - Statistics

General Stats
  • This quiz has been taken 135 times
  • The average score is 15 of 17
Answer Stats
Answer % Correct
Brisbane Broncos
94%
North Queensland Cowboys
93%
Sydney Roosters
93%
New Zealand Warriors
91%
Penrith Panthers
91%
Melbourne Storm
90%
Canterbury-Bankstown Bulldogs
89%
Gold Coast Titans
89%
Parramatta Eels
89%
Canberra Raiders
88%
South Sydney Rabbitohs
88%
Cronulla-Sutherland Sharks
87%
Redcliffe Dolphins
87%
Manly-Warringah Sea Eagles
85%
West Tigers
85%
Saint George Illawarra Dragons
77%
Newcastle Knights
76%
No matching quizzes found
Score Distribution
Percent of People with Each Score
Percentile by Number Answered
Your Score History
You have not taken this quiz